Régimen de los riesgos laborales y de la seguridad y salud en el trabajo : (Registro nro. 31179)

Detalles MARC
000 -LEADER
fixed length control field 02274nam a22002897a 4500
003 - CONTROL NUMBER IDENTIFIER
control field OSt
005 - DATE AND TIME OF LATEST TRANSACTION
control field 20260423112328.0
008 - FIXED-LENGTH DATA ELEMENTS--GENERAL INFORMATION
fixed length control field 260423b |||||||| |||| 00| 0 eng d
020 ## - INTERNATIONAL STANDARD BOOK NUMBER
International Standard Book Number 9789587672527
037 ## - SOURCE OF ACQUISITION
Source of stock number/acquisition Donación
040 ## - CATALOGING SOURCE
Original cataloging agency CO-JMCR
Language of cataloging spa
Transcribing agency CO-JMCR
Modifying agency CO-JMCR
Description conventions rda
041 ## - LANGUAGE CODE
Language code of text/sound track or separate title spa
082 04 - DEWEY DECIMAL CLASSIFICATION NUMBER
Classification number 363.11
Item number C88r
100 1# - MAIN ENTRY--PERSONAL NAME
Personal name Cortés González, Juan Carlos
Relator term autor
9 (RLIN) 23641
245 10 - TITLE STATEMENT
Title Régimen de los riesgos laborales y de la seguridad y salud en el trabajo :
Remainder of title Comentarios y desarrollo de la ley 1562 de 2012 /
Statement of responsibility, etc. Juan Carlos Cortés González
250 ## - EDITION STATEMENT
Edition statement Segunda
264 ## - PRODUCTION, PUBLICATION, DISTRIBUTION, MANUFACTURE, AND COPYRIGHT NOTICE
Place of production, publication, distribution, manufacture Bogotá :
Name of producer, publisher, distributor, manufacturer Legis
Date of production, publication, distribution, manufacture, or copyright notice 2015
300 ## - PHYSICAL DESCRIPTION
Extent 479 páginas :
Other physical details Ilustraciones, gráficos ;
Dimensions 24 cm.
500 ## - GENERAL NOTE
General note Incluye biografía
504 ## - BIBLIOGRAPHY, ETC. NOTE
Bibliography, etc. note Bibliografía : página 479
505 2# - FORMATTED CONTENTS NOTE
Formatted contents note Antecedentes sobre los riesgos del trabajo -- Régimen de riesgos laborales en Colombia -- Integración normativa del sistema de riesgos laborales en Colombia -- Antecedentes de la Ley 1562 de 2012 -- Ley 1562 de 2012 : reforma al régimen de riesgos del trabajo -- Análisis y comentarios sobre el articulado de la Ley 1562 de 2012 -- Principales desarrollos de la Ley 1562 de 2012
520 3# - SUMMARY, ETC.
Summary, etc. La Ley 1562 de 2012 introdujo los criterios para su actualización y desde entonces se ha desarrollado un esfuerzo reglamentario para su puesta en funcionamiento. Todos los empleadores tienen a su cargo la implementación del sistema de gestión de la seguridad y salud en el trabajo, al mismo tiempo que se incorporan como afiliados obligatorios a la protección en riesgos laborales los contratistas y los independientes que realizan actividades de alto riesgo.<br/>Conocer los antecedentes y alcances del nuevo régimen es fundamental tanto para especialistas, actores y encargados del sector, como para todos los trabajadores, empleadores y contratantes en el país, pues de su correcta aplicación dependerá el cumplimiento de los nuevos estándares legales, el logro de mayor eficiencia empresarial y el respeto de los derechos de los trabajadores.
650 #7 - SUBJECT ADDED ENTRY--TOPICAL TERM
Topical term or geographic name entry element Seguridad social
General subdivision Legislación
Geographic subdivision Colombia
Source of heading or term JMCR
9 (RLIN) 7810
650 #7 - SUBJECT ADDED ENTRY--TOPICAL TERM
Topical term or geographic name entry element Riesgos profesionales
General subdivision Legislación
Geographic subdivision Colombia
Source of heading or term JMCR
9 (RLIN) 44627
650 #7 - SUBJECT ADDED ENTRY--TOPICAL TERM
Topical term or geographic name entry element Seguridad industrial
General subdivision Legislación
Geographic subdivision Colombia
Source of heading or term JMCR
9 (RLIN) 44628
942 ## - ADDED ENTRY ELEMENTS (KOHA)
Source of classification or shelving scheme Dewey Decimal Classification
Koha item type Books
Existencias
Withdrawn status Lost status Source of classification or shelving scheme Damaged status Not for loan Collection code Home library Current library Shelving location Date acquired Source of acquisition Total Checkouts Full call number Barcode Date last seen Copy number Price effective from Koha item type
    Dewey Decimal Classification     Non-fiction Biblioteca Pública José María del Castillo y Rada Biblioteca Pública José María del Castillo y Rada Book Cart 10/10/2024 Donación   363.11 C88r 201812559 04/23/2026 Ej. 1 04/23/2026 Books